LEADER 01558nam--2200481---450- 001 990000473290203316 005 20120522141914.0 010 $a88-17-11042-6 035 $a0047329 035 $aUSA010047329 035 $a(ALEPH)000047329USA01 035 $a0047329 100 $a20010528d1991----km-y0itay0103----ba 101 $aita 102 $aIT 105 $a||||||||001yy 200 1 $aApocalisse$f49 pastelli di Alfredo Chiappori$gintroduzione di Gianfranco Ravasi e una meditazione di David Maria Turoldo$g[traduzione italiana di Giovanni Rinaldi e Felice Montagnini] 210 $aMilano$cRizzoli$d1991 215 $a219 p.$cill.$d50 cm 300 $aTesto greco a fronte 312 $aApokalypsis Iaonnou 410 $12001 454 $12001$aApokalypsis Iaonnou$959837 461 1$1001-------$12001 500 11$aBibbia. Nuovo Testamento. Apocalisse$959837 676 $a228 702 1$aCHIAPPORI,$bAlfredo 702 1$aRAVASI,$bGianfranco 702 1$aTUROLDO,$bDavid Maria 801 0$aIT$bsalbc$gISBD 912 $a990000473290203316 951 $aFA.VI.C. 5$b109031 L.M.$cFA.VI.C. 959 $aBK 969 $aANT 979 $aPATTY$b90$c20010528$lUSA01$h1114 979 $c20020403$lUSA01$h1656 979 $aPATRY$b90$c20040406$lUSA01$h1633 979 $aVITALE$b90$c20070328$lUSA01$h1736 979 $aPATRY$b90$c20070612$lUSA01$h1703 979 $aPATRY$b90$c20120522$lUSA01$h1419 996 $aApokalypsis Iaonnou$959837 996 $aBibbia. Nuovo Testamento. Apocalisse$955251 997 $aUNISA LEADER 01186nam0-2200409---450 001 990005650690203316 005 20220624103735.0 020 $aIT$b87-4935 035 $a000565069 035 $aUSA01000565069 035 $a(ALEPH)000565069USA01 035 $a000565069 100 $a20040719d1984----|||y0itaa50------ba 101 $aita 102 $ait 105 $a0 00||| 200 1 $aFuochi$fMarguerite Yourcenar$g[trad. di M. L. Spaziani] 210 $aMilano$cBompiani$d1984 215 $aXIV, 109 p.$d21 cm 225 2 $aNuovo portico$v38 300 $aTit. orig.$cFeux. 410 0$12001$aNuovo portico$v38 454 $1001SA0011030$12001$aFeux$fMarguerite Yourcenar$939240 620 $dMILANO 676 $a843.912 700 1$aYOURCENAR,$bMarguerite$0204116 702 1$aSPAZIANI,$bMaria Luisa 801 0$aIT$bSA$c20111219 912 $a990005650690203316 950 0$aDipar.to di Filosofia - Salerno$dDFFDC 800 YUO$e5876 FIL 951 $aXV.18.B. 561 (FDC 800 YUO)$b5876 FIL$cXV.18.B$d536692 959 $aBK 969 $aFDECI 979 $c20121027$lUSA01$h1525 979 $c20121027$lUSA01$h1614 996 $aFeux$939240 997 $aUNISA